| 000 | 01171nam a22003257a 4500 | ||
|---|---|---|---|
| 003 | CHAP | ||
| 005 | 20220329143850.0 | ||
| 008 | 120329s2006 mx r 00010 spa d | ||
| 010 | _a102972 | ||
| 011 | _a103944 | ||
| 020 | _a9688181951 | ||
| 035 | _a114633 | ||
| 040 | _cCHAP | ||
| 082 | 0 | 4 |
_a364.1680972 _bC93 |
| 111 | 2 |
_aCurso de Capacitacion Cibercriminalidad. ( _d2005 : _cMéxico, D. F.) _930605 |
|
| 245 | 1 | 0 |
_aMemoria del curso de capacitación cibercriminalidad _c/por Procuraduría General de la Republica |
| 246 | 3 |
_iTítulo en cubierta: _aCibercriminalidad |
|
| 260 |
_aMéxico : _bPGR, _c2006 |
||
| 300 |
_a225p. : _bil. |
||
| 590 |
_aBATCH-UPD _b10 _c20130410 _lUCH01 _h0849 |
||
| 590 |
_aBATCH-UPD _b10 _c20130914 _lUCH01 _h1132 |
||
| 590 |
_aCONVERSION _b10 _c20130109 _lUCH01 _h1357 |
||
| 650 | 0 | 4 |
_aDelitos informáticos. _931690 |
| 650 | 0 | 4 |
_aDerecho informático. _931888 |
| 710 | 2 |
_aProcuraduría General de la Republica. México. _991850 |
|
| 901 | _aBK | ||
| 942 | _cLIBRO | ||
| 949 |
_a634.1680972 C93 _bBC _cLIBRO _d33724002320702 _eLIBRO _h116511 _i114633 _sb |
||
| 949 |
_a634.1680972 C93 _bBC _cLIBRO _d33724002320743 _eLIBRO _fc.2 _h116512 _i114633 _sb |
||
| 999 |
_c102972 _d102972 |
||